| 000 | 01462nam0a22002891 4500 | ||
|---|---|---|---|
| 001 | rc\944269 | ||
| 005 | 20250622052335.0 | ||
| 035 | _a(NLR Aleph) 006116545 | ||
| 090 |
_a5415527 _c5415527 |
||
| 100 | _a20041129d1982 |||y0rusy50 ca | ||
| 101 | 0 | _arus | |
| 102 | _aRU | ||
| 105 | _ay ||||||||| | ||
| 200 | 1 |
_aОпыт образования фонда материального поощрения объединений и предприятий Минсельхозмаша _eОбзор _f[К. э. н. А.Н. Максури] |
|
| 210 |
_aМ. _cЦНИИТЭИтракторосельхозмаш _d1982 |
||
| 215 |
_a38 с. _d21 |
||
| 225 | 1 |
_aОбзорная информация _fЦНИИ информ. и техн.-экон. исслед. по тракт. и с.-х. машиностроению _iСерия "Экономика, организация, планирование и управление в тракторном и сельскохозяйственном машиностроении, стандартизация" _vВып. 12 |
|
| 300 | _aВ надзаг. также: М-во тракт. и с.-х. машиностроения | ||
| 320 | _aБиблиогр.: с. 36-37 | ||
| 333 | _aДСП. Экз. № 000012 | ||
| 700 | 1 |
_aМаксури _bА.Н. _gАнатолий Николаевич |
|
| 801 | 0 |
_aRU _bNLR _gpsbo |
|
| 801 | 1 |
_aRU _bELAR _2rusmarc |
|
| 852 |
_aNLR _jП22/4653 |
||
| 852 |
_aNLR _jОСХ |
||
| 942 | _cBOOK | ||
| 980 | _aNB | ||